50 States - First Letters - Statistics

General Stats
  • This quiz has been taken 87 times
  • The average score is 15 of 19
Answer Stats
Letter Answer % Correct
A 4
97%
F 1
94%
G 1
94%
C 3
94%
D 1
92%
H 1
92%
I 4
92%
K 2
89%
L 1
86%
M 8
75%
N 8
73%
O 3
72%
P 1
67%
R 1
67%
S 2
58%
T 2
55%
V 2
53%
U 1
52%
W 4
50%
No matching quizzes found
Score Distribution
Percent of People with Each Score
Percentile by Number Answered
Your Score History
You have not taken this quiz